01410nam a2200373 a 4500001001200000003000800012006001900020007001500039008004100054010001700095020003600112020002700148040002100175035002100196050002400217082002000241245012200261260005100383300001100434504005100445533015200496650004800648650001600696650001900712650002200731650002200753650002700775650002300802655002900825700002200854710001700876856012600893999001701019ebr10648584CaPaEBRm u cr cn|||||||||120801s2013 enk sb 001 0 eng d z 2012030854 z9781409443995 (hbk. alk. paper) z9781409444008 (e-book) aCaPaEBRcCaPaEBR a(OCoLC)82597802214aJV6225b.D36 2013eb04a305.9/0691222300aDangerous others, insecure societiesh[electronic resource] :bfear and social division /cedited by Michalis Lianos. aFarnham ;aBurlington, Vt. :bAshgate,cc2013. a161 p. aIncludes bibliographical references and index. aElectronic reproduction.bPalo Alto, Calif. :cebrary,d2013.nAvailable via World Wide Web.nAccess may be limited to ebrary affiliated libraries. 0aEmigration and immigrationxSocial aspects. 0aImmigrants. 0aEthnic groups. 0aEthnic relations. 0aMulticulturalism. 0aSocial stratification. 0aInternal security. 7aElectronic books.2local1 aLianos, Michalis.2 aebrary, Inc.40uhttp://site.ebrary.com/lib/rucke/Doc?id=10648584zAn electronic book accessible through the World Wide Web; click to view c45259d45259